000 00215 a2200097 4500
001 14192
100 _aJones, J.S
245 _aA first modern english course
260 _aLondon
_bJ M Deni
_c
090 _c11135
_d11135
942 _aNUST-CAE
_cM
_c1265
999 _c249265
_d249265